000 01608cam a22004577a 4500
003 CHAP
005 20220817044018.0
008 050406s2004 it a r 00010 eng d
010 _a90005
011 _a90977
020 _a9251050643
035 _a101534
040 _cCHAP
082 0 4 _a333.9163
_bF3
110 1 _aFAO
245 1 4 _aThe future is an ancient lake :
_btradicional knowledge, biodiversity and genetic resources for food and agriculture in Lake Chad Basin ecosystems
_c/by Caterina Batello, Marzio Marzot and Adamou Harouna Touré
260 _aRome :
_bFAO,
_c2004.
300 _a307 p. :
_bilus.
590 _aBATCH-UPD
_b10
_c20130110
_lUCH01
_h0406
590 _aBATCH-UPD
_b10
_c20130110
_lUCH01
_h1956
590 _aBATCH-UPD
_b10
_c20130410
_lUCH01
_h0039
590 _aBATCH-UPD
_b10
_c20130914
_lUCH01
_h0207
590 _aCONVERSION
_b10
_c20130109
_lUCH01
_h1350
650 0 4 _aAlimentos
_xAbastecimiento.
650 0 4 _aBiodiversidad.
_912724
650 0 4 _aEcosistema.
_935290
650 0 4 _aGanado
_xProducción.
_944945
650 0 4 _aLagos
_zAfrica.
_964427
650 0 4 _aPastizales
_xAfrica.
_985917
650 0 4 _aPesquería
_xAfrica.
_987498
650 0 4 _aRecursos genéticos
_xConservación.
_995081
650 0 4 _aSistemas agrosilvopascícolas.
_9106737
650 0 4 _aVida silvestre
_xAfrica.
_9119156
700 0 _aBatello, Caterina.
_910785
700 0 _aMarzot, Marzio.
_972739
700 0 _aTouré Adamou Harouna.
_9114377
901 _aBK
905 _aAlejandra Carrasco M.
942 _cLIBRO
949 _a333.9163 F3
_bBC
_cFAO
_d33724000798757
_eFAO1
_h105296
_i101534
_sb
999 _c90005
_d90005